000 03616cam a22006734i 4500
003 PE-LiUPU
005 20250731180101.0
008 180523s2002 sp a rb 000 0 spa d
016 7 _abimoBNE20030684615
_2SpMaBN
020 _a8420009776
020 _a9788420009773
035 _a(Sirsi) i9788420009773
040 _aPL#
_bspa
_cPL#
_dOCLCQ
_dBNM
_dESLEO
_dXVF
_dOCLCO
_dCKDNB
_dOCLCF
_dOCLCQ
_dOCLCO
_dPE-LiUPU
_erda
041 1 _aspa
_hfro
049 _aPRUA
082 0 4 _a574.5
_bA61
_220
100 1 _aAngelier, Eugène,
_eautor.
245 1 0 _aEcología de las aguas corrientes /
_cEugène Angelier ; traducción Alicia Fraile Pérez.
264 1 _aZaragoza :
_bAcribia,
_c[2002].
300 _aXII, 217 páginas :
_bilustraciones ;
_c24 centímetros
336 _atext
_2rdacontent
337 _aunmediated
_2rdamedia
338 _avolume
_2rdacarrier
504 _aBibliografía: páginas 203-211.
504 _aÍndice: páginas 213 - 217.
505 0 _aAguas corrientes: agentes de erosión, transporte y redistribución de los materiales de la corteza terrestre -- Caracteres generales de las redes hidrográficas -- Organismos y ecosistemas de las aguas corrientes -- La corriente y los organismos bentónicos: inestabilidad crónica del horizonte superficial del sustrato -- El medio hiporreico: laperennidad del sustrato -- Los macrofitos de las aguas corrientes: un sustrato para la algas y la fauna -- La vida en el seno del agua: el plancton -- Peces de las aguas corrientes -- Temperatura, ciclos biológicos y distribución de los organismos -- Luz, sales y oxígeno disueltos, factores ecológicos accesorios en las aguas corrientes -- Redes tróficas y flujo de energía -- De la cabecera a la desembocadura: zonación ecológica de los cursos de agua -- Impactos ecológicos del acondicionamiento de los cursos de agua -- De la eutrofización a la contaminación trófica -- La contaminación tóxica -- Métodos biológicos de evaluación de la contaminación.
526 _aSEG44
526 _aSEG26
526 _aP159
526 _aP155
526 _aP154
526 _aP153
526 _aP150
526 _aP100
526 _aP31
526 _aP30
526 _aP26
526 _aP25
526 _aP24
526 _aP22
526 _aP15
526 _aP10
534 _pTítulo :
_tÉcologie des eaux courantes.
541 _g002-00000048;
650 0 4 _aEcología de los cursos de agua.
653 _aEcología acuática.
653 _aRíos.
700 1 _aFraile Pérez, Alicia,
_etraductor.
910 _btqv
_cwelc
_d20170125
910 _adbm
_bcsm
_ccsm
_d20180523
942 _2ddc
_cBOOK
949 _a574.5 A61 2002
_wDEWEY
_c1
_iFJ06044
_lCCODEBUJ1
_mBUJ
_p27.00
_r0
_sY
_tBOOK
_u2017-01-25
_xINGENIERIA
_PP24
_0COMPRA
_o.STAFF. Colección General Juliaca
994 _aC0
_bPEPRU
596 _a1 3
999 _a574.5 A61 2002
_wDEWEY
_c15285
_iFJ06044
_d15285
_e2019-6-6
_f2022-1-25
_g4
_lCCODEBUJ1
_mBUJ
_n3
_p27.00
_q1
_r0
_sY
_tBOOK
_u2017-1-25
_xINGENIERIA
_PP24
_0COMPRA
_o.STAFF. Colección General Juliaca
999 _a574.5 A61 2002
_wDEWEY
_c1
_i78709
_f2021-11-9
_g4
_lCCODEBUL1
_mBUL
_p29.94
_r0
_sY
_tBOOK
_u2018-5-23
_xINGENIERIA
_PP24
_0COMPRA
_1FCOMPRA
_o.STAFF. Colección Ingeniería y Arquitectura
999 _a574.5 A61 2002
_wDEWEY
_c2
_i78710
_f2021-11-9
_g4
_lCCODEBUL1
_mBUL
_p29.94
_r0
_sY
_tBOOK
_u2018-5-23
_xINGENIERIA
_PP24
_0COMPRA
_1FCOMPRA
_o.STAFF. Colección Ingeniería y Arquitectura
980 _81
_gALBERTO SANCHEZ Responsable de Automatización